Využitie GPS-technológií v cestovnom ruchu bakalárska práca

Enregistré dans:
Détails bibliographiques
Auteur principal: Galád, Branislav
Collectivité auteur: Obchodná fakulta EU. Katedra informatiky obchodných firiem
Autres auteurs: Poláček, Marian
Format: Livre
Langue:slovaque
Publié: Bratislava 2015
Tags: Ajouter un tag
Pas de tags, Soyez le premier à ajouter un tag!

MARC

LEADER 00000nbm a2200000 4500
001 0206523
005 20161212110247.2
041 0 |a slo 
044 |a SK 
245 1 0 |a Využitie GPS-technológií v cestovnom ruchu  |b bakalárska práca  |c Branislav Galád ; školiteľ: Marian Poláček 
264 1 |a Bratislava  |c 2015 
300 |a 52 s. 
100 1 |a Galád, Branislav 
700 1 |a Poláček, Marian 
710 2 |a Obchodná fakulta EU. Katedra informatiky obchodných firiem